|
|
|
|
| LEADER |
00000nas a2200000 a 4500 |
| 001 |
ssj0001269 |
| 003 |
WaSeSS |
| 005 |
20200512172242.0 |
| 006 |
m d |
| 007 |
cr n |
| 008 |
001003d19942019vaumn p s 0 a0eng c |
| 010 |
|
|
|a 2012263057
|
| 016 |
7 |
|
|a 011753629
|2 Uk
|
| 022 |
|
|
|a 2328-5486
|y 1072-0839
|
| 035 |
|
|
|a (WaSeSS)ssj0001269
|
| 037 |
|
|
|b National Council of Teachers of Mathematics, 1906 Association Dr, Reston, VA 20191 United States
|
| 040 |
|
|
|a HNK
|b eng
|c HNK
|d OCLCQ
|d TXA
|d OCLCE
|d UKMGB
|d EYM
|d OCLCQ
|d DLC
|d OCLCF
|d OCLCO
|d OCLCQ
|d OCLCA
|d SERSO
|d CUD
|d VT2
|d UOK
|d U3W
|d WYU
|d LEAUB
|d WaSeSS
|
| 042 |
|
|
|a pcc
|a dlr
|a nsdp
|
| 043 |
|
|
|a n-us---
|
| 050 |
1 |
4 |
|a QA13
|b .M37
|
| 082 |
0 |
0 |
|a 510/.71/2
|2 23
|
| 222 |
|
0 |
|a Mathematics teaching in the middle school
|b (Online)
|
| 245 |
0 |
0 |
|a Mathematics teaching in the middle school
|h [electronic resource].
|
| 246 |
3 |
|
|a Math. teach. middle school
|
| 260 |
|
|
|a [Reston, VA] :
|b [National Council of Teachers of Mathematics]
|
| 310 |
|
|
|a Monthly (except June and July, with a combined Dec./Jan.),
|b 1998-2019
|
| 321 |
|
|
|a Frequency varies,
|b 1994-1997
|
| 362 |
1 |
|
|a Print began with vol. 1, no. 1 (Apr. 1994); ceased with Vol. 24, no. 7 (May 2019).
|
| 506 |
|
|
|a License restrictions may limit access.
|
| 538 |
|
|
|a Master and use copy. Digital master created according to Benchmark for Faithful Digital Reproductions of Monographs and Serials, Version 1. Digital Library Federation, December 2002.
|u http://purl.oclc.org/DLF/benchrepro0212
|5 MiAaHDL
|
| 538 |
|
|
|a Mode of access: World Wide Web.
|
| 583 |
1 |
|
|a digitized
|c 2010
|h HathiTrust Digital Library
|l committed to preserve
|5 MiAaHDL
|2 pda
|
| 588 |
|
|
|a Description based on: Vol. 11, no. 6 (Feb. 2006); title from PDF cover (JSTOR, viewed Feb. 21, 2012).
|
| 588 |
|
|
|a Latest issue consulted: Vol. 24, No. 7 (May 2019) (JSTOR website, viewed May 30, 2019).
|
| 650 |
|
0 |
|a Mathematics
|x Study and teaching (Middle school)
|z United States
|v Periodicals.
|
| 650 |
|
6 |
|a Mathématiques
|x Étude et enseignement (Primaire)
|v Périodiques.
|
| 650 |
|
6 |
|a Mathématiques
|x Étude et enseignement (Secondaire)
|v Périodiques.
|
| 650 |
|
7 |
|a Mathematics
|x Study and teaching (Middle school)
|2 fast
|0 (OCoLC)fst01012292
|
| 650 |
1 |
7 |
|a Wiskunde.
|2 gtt
|
| 650 |
1 |
7 |
|a Onderwijs.
|2 gtt
|
| 651 |
|
7 |
|a United States.
|2 fast
|0 (OCoLC)fst01204155
|
| 655 |
|
0 |
|a Electronic journals.
|
| 710 |
2 |
|
|a National Council of Teachers of Mathematics.
|
| 776 |
0 |
8 |
|i Print version:
|t Mathematics teaching in the middle school
|x 1072-0839
|w (DLC) 94658535
|w (OCoLC)28856592
|
| 856 |
4 |
0 |
|z Full text available from Research Library: 05/01/1998 to 10/31/2003
|u https://search.proquest.com/publication/32879
|